Score 0/24 Timer 06:00
1 Play Today
% Correct
Married... with Children
86.8%
DuckTales
83.1%
Happy Days
77.5%
The Golden Girls
76.1%
Green Acres
74.5%
Three's Company
73.4%
The Powerpuff Girls
71%
Animaniacs
70.1%
The Fairly OddParents
69.8%
Frasier
67.3%
Diff'rent Strokes
63.4%
Full House
57.5%
% Correct
Sister, Sister
56.9%
Orange Is the New Black
50.1%
Saved By the Bell
46.9%
Phineas and Ferb
44.8%
Kim Possible
42.4%
Growing Pains
41.7%
Crazy Ex-Girlfriend
41.1%
Unbreakable Kimmy Schmidt
38.2%
Arthur
35.5%
Good Times
34.4%
Community
27.1%
One Tree Hill
25.3%
Remove Ads.
Support Sporcle.
Get the best of Sporcle when you Go Orange. This ad-free experience offers more features, more stats, and more fun while also helping to support Sporcle. Thank you for becoming a member.

You're not logged in!

Compare scores with friends on all Sporcle quizzes.
OR
Log In

Show Comments

Extras

Top Quizzes Today


Score Distribution

Your Account Isn't Verified!

In order to create a playlist on Sporcle, you need to verify the email address you used during registration. Go to your Sporcle Settings to finish the process.

Report this User

Report this user for behavior that violates our Community Guidelines.

Details: